000 01094nam a22003137a 4500
003 CHAP
005 20220329134747.0
008 971013s1957 r 00010 d
010 _a25417
011 _a26389
035 _a30490
040 _cCHAP
090 _aFolleto 3854
100 0 0 _aBryson, Reid A.
_915848
245 _aSome factors in Tucson summer rainfall
260 _a(Tucson) :
_bUniversity of Arizona. Institute od Atmospheric Physics,
_c1957
300 _a24 h.
_b: ilus.
490 _aTechnical reports on the meteorology and climatology of arid regions
_v; 4
590 _aBATCH-UPD
_b10
_c20130110
_lUCH01
_h0903
590 _aBATCH-UPD
_b10
_c20130410
_lUCH01
_h0531
590 _aBATCH-UPD
_b10
_c20130914
_lUCH01
_h1728
590 _aCONVERSION
_b10
_c20130109
_lUCH01
_h1315
650 1 4 _aLluvia
_xRegiones áridas.
_967337
650 1 4 _aRegiones áridas
_xMeteorología.
_995687
830 0 _aTechnical reports on the meteorology and climatology of arid regions
_v; 4
_9111912
901 _aBK
942 _cFOLL
949 _aFolleto 3854
_bBC
_cFOLL
_d-70773
_eTS1
_i30490
_si
999 _c25417
_d25417